Human rights, arbitration and ADR (Record no. 65693)
[ view plain ]
| 000 -LEADER | |
|---|---|
| fixed length control field | 01671cam a2200253 4500 |
| 001 - CONTROL NUMBER | |
| control field | ABS63294 |
| 008 - FIXED-LENGTH DATA ELEMENTS--GENERAL INFORMATION | |
| fixed length control field | 000000n2000 000 0 eng u |
| 035 ## - SYSTEM CONTROL NUMBER | |
| System control number | (Sirsi) u110157 |
| 100 ## - MAIN ENTRY--PERSONAL NAME | |
| Personal name | Newmark, C |
| 245 ## - TITLE STATEMENT | |
| Title | Human rights, arbitration and ADR |
| 260 ## - PUBLICATION, DISTRIBUTION, ETC. | |
| Date of publication, distribution, etc. | 2000 |
| 490 ## - SERIES STATEMENT | |
| Series statement | Solicitors' Journal |
| Volume/sequential designation | 144(45) 1 December 2000, 1094-1095(2) |
| 520 ## - SUMMARY, ETC. | |
| Summary, etc. | Considers the approach courts may take to the application of the Human Rights Act 1998 on arbitration and alternative dispute resolution and whether parties to an arbitration, adjudication or mediation have less protection from the 'right to a fair trial' introduced by the HRA and Article 6(1). Looks at the implication of Article 6(1) and HRA on arbitration, adjudication and mediation, along with the duties of the arbitrator and an enforcing court. Concludes that discussions of the implication of the HRA are being approached with commonsense but that there are still unanswered questions which go beyond the impact on arbitration and ADR. Meanwhile English law will come to contain new standards of fairness which will inform the dispute resolution process. |
| 590 ## - LOCAL NOTE (RLIN) | |
| Local note | ABS |
| 650 ## - SUBJECT ADDED ENTRY--TOPICAL TERM | |
| Topical term or geographic name entry element | HUMAN RIGHTS ACT 1998 |
| 650 ## - SUBJECT ADDED ENTRY--TOPICAL TERM | |
| Topical term or geographic name entry element | CONVENTION FOR THE PROTECTION OF HUMAN RIGHTS AND FUNDAMENTAL FREEDOMS ART 6 |
| 650 ## - SUBJECT ADDED ENTRY--TOPICAL TERM | |
| Topical term or geographic name entry element | MANAGEMENT-DISPUTE AVOIDANCE, MANAGEMENT AND RESOLUTION-DISPUTE MANAGEMENT AND RESOLUTION-ALTERNATIVE DISPUTE RESOLUTION-ADJUDICATION |
| 650 ## - SUBJECT ADDED ENTRY--TOPICAL TERM | |
| Topical term or geographic name entry element | MANAGEMENT-DISPUTE AVOIDANCE, MANAGEMENT AND RESOLUTION-DISPUTE MANAGEMENT AND RESOLUTION-ARBITRATION |
| 650 ## - SUBJECT ADDED ENTRY--TOPICAL TERM | |
| Topical term or geographic name entry element | MEDIATION |
| 650 ## - SUBJECT ADDED ENTRY--TOPICAL TERM | |
| Topical term or geographic name entry element | ENGLISH LAW |
| 690 ## - LOCAL SUBJECT ADDED ENTRY--TOPICAL TERM (OCLC, RLIN) | |
| Topical term or geographic name as entry element | Dispute resolution |
| 9 (RLIN) | 6236 |
| 700 ## - ADDED ENTRY--PERSONAL NAME | |
| Personal name | Green, D |
| 942 ## - ADDED ENTRY ELEMENTS (KOHA) | |
| Suppress in OPAC | 0 |
| Withdrawn status | Lost status | Source of classification or shelving scheme | Damaged status | Not for loan | Home library | Current library | Shelving location | Date acquired | Total Checkouts | Full call number | Barcode | Date last seen | Copy number | Price effective from | Koha item type |
|---|---|---|---|---|---|---|---|---|---|---|---|---|---|---|---|
| Dewey Decimal Classification | London | London | Journal article | 04/01/2001 | ABS63294 | 110157-1001 | 06/08/2019 | 1 | 06/08/2019 | Journal article |